<?xml version="1.0" encoding="UTF-8"?>
<collection xmlns="http://www.loc.gov/MARC21/slim">
<record>
  <controlfield tag="001">126209</controlfield>
  <controlfield tag="005">20240822135944.0</controlfield>
  <datafield tag="024" ind1="8" ind2=" ">
    <subfield code="2">sideral</subfield>
    <subfield code="a">124690</subfield>
  </datafield>
  <datafield tag="037" ind1=" " ind2=" ">
    <subfield code="a">ART-2021-124690</subfield>
  </datafield>
  <datafield tag="041" ind1=" " ind2=" ">
    <subfield code="a">spa</subfield>
  </datafield>
  <datafield tag="100" ind1=" " ind2=" ">
    <subfield code="a">Majarena, U.</subfield>
    <subfield code="u">Universidad de Zaragoza</subfield>
  </datafield>
  <datafield tag="245" ind1=" " ind2=" ">
    <subfield code="a">Procesos sin-emplazamiento ígneo a partir de la cartografía y el análisis de la petrofábrica y la fábrica magnética. La intrusión dacítica y calco-alcalina de Cerro Redondo (Cordillera Ibérica)</subfield>
  </datafield>
  <datafield tag="260" ind1=" " ind2=" ">
    <subfield code="c">2021</subfield>
  </datafield>
  <datafield tag="506" ind1="0" ind2=" ">
    <subfield code="a">Access copy available to the general public</subfield>
    <subfield code="f">Unrestricted</subfield>
  </datafield>
  <datafield tag="520" ind1="3" ind2=" ">
    <subfield code="a">Los procesos de deformación sin-emplazamiento no suelen preservarse en cuerpos ígneos de grandes dimensiones. Sin embargo, la intrusión de Cerro Redondo (Unidad de Badules, Rama Aragonesa de la Cordillera Ibérica), con edad Cisura- liense (285 ± 2Ma), composición dacítica, textura porfídica y afinidad calco-alcalina, muestra unas características de aflora- miento excepcionales para su estudio. Presenta una reducida extensión (0,17 km2) y una marcada foliación magmática afec- tada por pliegues de escala variable (mm-hm). En este trabajo se realiza un análisis combinado de su petrofábrica y su fábrica magnética (ASM) acompañado de una detallada cartografía. Los datos obtenidos han permitido identificar los siguientes procesos previos al enfriamiento magmático: i) la generación de una foliación magmática y magnética, registrada por fábri- cas planares (elipsoides magnéticos oblatos), ii) la modificación de dicha foliación por el plegamiento sin-emplazamiento con desarrollo de una lineación magnética paralela a los ejes de plegamiento, iii) la modificación de la fábrica magmática en casos de no coaxialidad entre la orientación del vector de empuje ígneo y la foliación magmática previa y iv) un acortamiento perpendicular a estructuras frágiles tardimagmáticas que afectan al cuerpo ígneo. Este estudio pone de manifiesto la sucesión de distintos procesos durante el emplazamiento ígneo, en estado dúctil-plástico. Estos resultados podrían aplicarse a otros cuerpos ígneos en los que sus mayores dimensiones generan una homogenización y pérdida de los indicadores cinemáticos, sí preservados en la intrusión de Cerro Redondo.</subfield>
  </datafield>
  <datafield tag="540" ind1=" " ind2=" ">
    <subfield code="9">info:eu-repo/semantics/openAccess</subfield>
    <subfield code="a">All rights reserved</subfield>
    <subfield code="u">http://www.europeana.eu/rights/rr-f/</subfield>
  </datafield>
  <datafield tag="655" ind1=" " ind2="4">
    <subfield code="a">info:eu-repo/semantics/conferenceObject</subfield>
    <subfield code="v">info:eu-repo/semantics/publishedVersion</subfield>
  </datafield>
  <datafield tag="700" ind1=" " ind2=" ">
    <subfield code="a">Pueyo, Ó.</subfield>
    <subfield code="u">Universidad de Zaragoza</subfield>
    <subfield code="0">(orcid)0000-0002-1460-1590</subfield>
  </datafield>
  <datafield tag="700" ind1=" " ind2=" ">
    <subfield code="a">Gil, A.</subfield>
    <subfield code="u">Universidad de Zaragoza</subfield>
    <subfield code="0">(orcid)0000-0001-6110-1081</subfield>
  </datafield>
  <datafield tag="700" ind1=" " ind2=" ">
    <subfield code="a">Galé, C.</subfield>
    <subfield code="0">(orcid)0000-0002-2745-0357</subfield>
  </datafield>
  <datafield tag="700" ind1=" " ind2=" ">
    <subfield code="a">Lago, Marcelino</subfield>
    <subfield code="0">(orcid)0000-0002-3609-7380</subfield>
  </datafield>
  <datafield tag="710" ind1="2" ind2=" ">
    <subfield code="1">2000</subfield>
    <subfield code="2">685</subfield>
    <subfield code="a">Universidad de Zaragoza</subfield>
    <subfield code="b">Dpto. Ciencias de la Tierra</subfield>
    <subfield code="c">Área Petrología y Geoquímica</subfield>
  </datafield>
  <datafield tag="710" ind1="2" ind2=" ">
    <subfield code="1">4013</subfield>
    <subfield code="2">205</subfield>
    <subfield code="a">Universidad de Zaragoza</subfield>
    <subfield code="b">Dpto. Didácticas Específicas</subfield>
    <subfield code="c">Área Didáctica Ciencias Exper.</subfield>
  </datafield>
  <datafield tag="710" ind1="2" ind2=" ">
    <subfield code="1">2000</subfield>
    <subfield code="2">428</subfield>
    <subfield code="a">Universidad de Zaragoza</subfield>
    <subfield code="b">Dpto. Ciencias de la Tierra</subfield>
    <subfield code="c">Área Geodinámica Interna</subfield>
  </datafield>
  <datafield tag="773" ind1=" " ind2=" ">
    <subfield code="g">18 (2021), 718</subfield>
    <subfield code="p">Geotemas (Madr.)</subfield>
    <subfield code="t">Geotemas (Madrid)</subfield>
    <subfield code="x">1576-5172</subfield>
  </datafield>
  <datafield tag="856" ind1="4" ind2=" ">
    <subfield code="s">288305</subfield>
    <subfield code="u">http://zaguan.unizar.es/record/126209/files/texto_completo.pdf</subfield>
    <subfield code="y">Versión publicada</subfield>
  </datafield>
  <datafield tag="856" ind1="4" ind2=" ">
    <subfield code="s">2713626</subfield>
    <subfield code="u">http://zaguan.unizar.es/record/126209/files/texto_completo.jpg?subformat=icon</subfield>
    <subfield code="x">icon</subfield>
    <subfield code="y">Versión publicada</subfield>
  </datafield>
  <datafield tag="856" ind1="4" ind2="1">
    <subfield code="u">https://sge.usal.es/archivos/GEO_TEMAS/Geo_temas18.pdf</subfield>
    <subfield code="z">Texto completo de la revista</subfield>
  </datafield>
  <datafield tag="909" ind1="C" ind2="O">
    <subfield code="o">oai:zaguan.unizar.es:126209</subfield>
    <subfield code="p">articulos</subfield>
    <subfield code="p">driver</subfield>
  </datafield>
  <datafield tag="951" ind1=" " ind2=" ">
    <subfield code="a">2024-08-22-13:58:11</subfield>
  </datafield>
  <datafield tag="980" ind1=" " ind2=" ">
    <subfield code="a">ARTICLE</subfield>
  </datafield>
</record>
</collection>